ATC Tower Quiz (USA) - Statistics

General Stats
  • This quiz has been taken 28 times
  • The average score is 7 of 12
Answer Stats
Picture Answer % Correct
Chicago O'Hare International Airport
76%
Hartsfield–Jackson Atlanta International Airport
76%
Los Angeles International Airport
76%
San Francisco International Airport
67%
Seattle–Tacoma International Airport
67%
Phoenix Sky Harbor International Airport
62%
General Edward Lawrence Logan International Airport
57%
John F Kennedy International Airport
48%
Orlando International Airport
43%
Salt Lake City International Airport
33%
Washington Dulles International Airport
29%
Ronald Reagan Washington National Airport
24%
No matching quizzes found
Score Distribution
Percent of People with Each Score
Percentile by Number Answered
Your Score History
You have not taken this quiz